000 00718cpcaa2200229 4500
001 mm 82094136
003 DLC
005 20260227111717.0
008 820519|||||||||||| eng
010 _amm 82094136
040 _aDLC
_cDLC
_edacs
_dDLC
072 7 _aC
_2lcmd
245 0 0 _aExtracts from a collection of voyages and travels
_b: commonplace book,
_f1745.
300 _a2
_fitems.
300 _a1
_fcontainer.
506 0 _aOpen to research.
546 _aCollection material in English.
650 0 _aCommonplace books.
650 0 _aTravel.
999 _c43818
_d43818